| 000 | 00750nam a22002057a 4500 | ||
|---|---|---|---|
| 999 |
_c41088 _d41088 |
||
| 005 | 20201116184951.0 | ||
| 008 | 130906t sp||||| |||| 00| 0 spa d | ||
| 020 | _a8449318483 | ||
| 050 | 0 | 4 |
_aB794 _bT32 2006 |
| 100 | 1 | _aTaylor, Charles | |
| 245 | 1 | 0 |
_aFuentes del Yo : _bLa construcción de la identidad moderna / _cCharles Taylor ; tr. de Ana Lizón ; rev. tec. de Ramón Alfonso Díez. |
| 250 | _a1a edición | ||
| 260 |
_aBarcelona, España : _bPaidos, _c2006 |
||
| 300 |
_a609 p. ; _c22 cm. |
||
| 490 | 1 |
_aPaidos Basica ; _vno. 87 |
|
| 500 | _aTraducción de: Sources of the self. The making of the modern identity | ||
| 650 | 7 |
_2Lemb _aFilosofia Moderna _xAlocuciones, ensayos, conferencias |
|
| 700 | 1 | _aLizon, Ana, tr. | |
| 942 |
_2ddc _cLIB |
||